കമ്യൂണിസ്റ്റ് പാര്‍ട്ടികളുടെ ചരിത്രത്തിലൂടെ (Record no. 755980)

MARC details
000 -LEADER
fixed length control field 00529nam a2200157 4500
020 ## - INTERNATIONAL STANDARD BOOK NUMBER
ISBN 9789348009760
082 ## - DEWEY DECIMAL CLASSIFICATION NUMBER
Classification number 324.21759
Item number BAB.C
084 ## - OTHER CLASSIFICATION NUMBER
Source of Number Colon Classification
100 ## - MAIN ENTRY--AUTHOR NAME
Personal name ബേബി ,എം എ
245 ## - TITLE STATEMENT
Title കമ്യൂണിസ്റ്റ് പാര്‍ട്ടികളുടെ ചരിത്രത്തിലൂടെ
260 ## - PUBLICATION, DISTRIBUTION, ETC. (IMPRINT)
Place of publication Thiruvananthapuram:
Name of publisher Chintha Publishers,
Year of publication 2024.
300 ## - PHYSICAL DESCRIPTION
Number of Pages 240p.
650 ## - SUBJECT ADDED ENTRY--TOPICAL TERM
Topical Term Political history
942 ## - ADDED ENTRY ELEMENTS (KOHA)
Source of classification or shelving scheme Dewey Decimal Classification
Koha item type General
Holdings
Withdrawn status Lost status Source of classification or shelving scheme Damaged status Not for loan Home Library Current Location Shelving location Date acquired Full call number Accession Number Price effective from Koha item type
    Dewey Decimal Classification     Campus Library Kariavattom Campus Library Kariavattom General Stacks 07/02/2026 324.21759 BAB.C UCL35324 07/02/2026 General